000
00314nam a22001337a 4500
008
180213b xxu||||| |||| 00| 0 eng d
020
_a
9780547061177
041
_a
eng
080
_2
7th
_a
51
100
_a
36
101
_a
MAT
245
_a
Introductory algebra in applied approach
_c
Aufman,R.N
942
_2
udc
_c
BK
999
_c
42414
_d
42414